[Event "Berliner Einzelmeisterschaft 2002"]
[Site "Berlin"]
[Date "2022.04.16"]
[Round "2.7"]
[White "Roehr, Oliver"]
[Black "Boettcher, Patrick"]
[Result "1-0"]
[WhiteElo "2030"]
[BlackElo "2104"]
[Annotator "TheRocket"]
[PlyCount "57"]
[EventDate "2022.??.??"]
[EventCountry "GER"]
[SourceTitle "SV Mattnetz Berlin e.V."]
[SourceDate "2022.04.23"]
[SourceVersion "1"]
[SourceVersionDate "2022.04.23"]
[SourceQuality "1"]

{[%evp 0,49,24,30,53,53,77,74,74,35,35,35,48,45,88,26,30,29,55,34,34,16,30,5,
55,29,46,44,56,29,38,6,12,19,10,4,19,46,47,61,156,120,129,121,175,190,141,172,
147,157,247,232]} 1. e4 {[%emt 0:00:02]} c5 {[%emt 0:00:13]} 2. Nf3 {[%emt 0:
00:04]} d6 {[%emt 0:00:33]} 3. d4 {[%emt 0:00:03]} cxd4 {[%emt 0:00:05]} 4.
Nxd4 {[%emt 0:00:03]} Nf6 {[%emt 0:00:08]} 5. Nc3 {[%emt 0:00:02]} a6 {[%emt 0:
00:23]} 6. Bg5 {[%emt 0:00:04]} e6 {[%emt 0:00:11]} 7. f4 {[%emt 0:00:06]} Qb6
{[%emt 0:02:40]} 8. Qd3 {[%emt 0:02:02]} Nc6 {[%emt 0:04:51]} 9. Bxf6 {[%emt 0:
00:15]} gxf6 {[%emt 0:00:09]} 10. Nb3 {[%emt 0:00:16]} Bd7 {[%emt 0:02:54]} 11.
Be2 {[%emt 0:00:38]} h5 {[%emt 0:04:41]} 12. Rf1 {[%emt 0:01:20]} O-O-O {
[%emt 0:09:00]} 13. O-O-O {[%emt 0:00:05]} Be7 {[%emt 0:00:56]} 14. Kb1 {
[%emt 0:00:40]} h4 {[%emt 0:03:24]} 15. Qh3 {[%emt 0:14:32]} Kb8 {[%emt 0:03:
15]} 16. f5 {[%emt 0:04:49]} Ne5 {[%emt 0:06:39]} 17. Nd4 {[%emt 0:09:52]} Qc7
{[%emt 0:04:13]} 18. Rf4 {[%emt 0:12:23]} b5 {[%emt 0:06:56]} 19. a3 {[%emt 0:
06:15]} Nc4 {[%emt 0:13:37]} 20. Bxc4 {[%emt 0:02:54]} Qxc4 {[%emt 0:00:57]}
21. Rxh4 {[%emt 0:03:17]} Rxh4 {[%emt 0:00:20]} 22. Qxh4 {[%emt 0:00:01]} d5 {
[%emt 0:06:10]} 23. fxe6 {[%emt 0:05:15]} fxe6 {[%emt 0:00:48]} 24. exd5 {
[%emt 0:00:02]} exd5 {[%emt 0:07:02]} 25. Qg3+ {[%emt 0:03:09]} Ka8 {[%emt 0:
03:24]} 26. Qf3 {[%emt 0:01:12]} Bc8 {[%emt 0:02:03]} 27. Nf5 {[%emt 0:05:56]}
Bxf5 {[%emt 0:05:48]} 28. Qxf5 {[%emt 0:00:02]} Bxa3 {[%emt 0:00:22]} 29. Nxd5
{[%emt 0:01:43]} 1-0

[Event "Berliner Einzelmeisterschaft 2002"]
[Site "Berlin"]
[Date "2022.04.16"]
[Round "2.8"]
[White "Noetzel, Felix"]
[Black "Tscheuschner, Georg"]
[Result "1/2-1/2"]
[WhiteElo "2207"]
[BlackElo "2112"]
[Annotator "TheRocket"]
[PlyCount "81"]
[EventDate "2022.??.??"]
[EventCountry "GER"]
[SourceTitle "SV Mattnetz Berlin e.V."]
[SourceDate "2022.04.23"]
[SourceVersion "1"]
[SourceVersionDate "2022.04.23"]
[SourceQuality "1"]

{[%evp 0,43,25,45,53,49,63,63,63,35,30,30,75,43,63,55,33,25,34,31,49,3,10,0,0,
0,24,148,96,97,104,-13,-13,-13,42,66,72,95,95,95,95,74,71,71,79,46]} 1. e4 {
[%emt 0:00:02]} c5 {[%emt 0:00:08]} 2. Nf3 {[%emt 0:00:06]} d6 {[%emt 0:00:06]}
3. d4 {[%emt 0:00:09]} cxd4 {[%emt 0:00:08]} 4. Nxd4 {[%emt 0:00:18]} Nf6 {
[%emt 0:00:08]} 5. Nc3 {[%emt 0:00:15]} a6 {[%emt 0:00:04]} 6. Bg5 {[%emt 0:00:
31]} e6 {[%emt 0:00:12]} 7. f4 {[%emt 0:00:04]} Be7 {[%emt 0:00:05]} 8. Qf3 {
[%emt 0:00:17]} Qc7 {[%emt 0:00:04]} 9. O-O-O {[%emt 0:00:23]} Nbd7 {[%emt 0:
00:07]} 10. Bd3 {[%emt 0:01:20]} b5 {[%emt 0:00:25]} 11. Rhe1 {[%emt 0:01:36]}
Bb7 {[%emt 0:00:06]} 12. Qg3 {[%emt 0:01:16]} b4 {[%emt 0:00:07]} 13. Nd5 {
[%emt 0:01:44]} exd5 {[%emt 0:00:05]} 14. exd5 {[%emt 0:00:46]} Kd8 {[%emt 0:
02:26]} 15. Nc6+ {[%emt 0:03:26]} Bxc6 {[%emt 0:00:16]} 16. dxc6 {[%emt 0:00:
06]} Qxc6 {[%emt 0:00:15]} 17. Bxf6 {[%emt 0:03:55]} Nxf6 {[%emt 0:00:04]} 18.
Qxg7 {[%emt 0:00:45]} Re8 {[%emt 0:00:25]} 19. Qxf7 {[%emt 0:11:24]} Ra7 {
[%emt 0:00:15]} 20. Rxe7 {[%emt 0:24:15]} Raxe7 21. Qxf6 Kc7 {[%emt 0:00:23]}
22. Qd4 {[%emt 0:07:27]} Qc5 {[%emt 0:01:21]} 23. Qxc5+ {[%emt 0:21:16]} dxc5 {
[%emt 0:00:11]} 24. Kd2 {[%emt 0:00:17]} c4 {[%emt 0:02:34]} 25. Bxc4 {[%emt 0:
06:13]} Re4 {[%emt 0:00:06]} 26. Bxa6 {[%emt 0:04:23]} Kb6 {[%emt 0:00:04]} 27.
Bd3 {[%emt 0:00:47]} Rxf4 {[%emt 0:00:06]} 28. Rf1 {[%emt 0:02:32]} Rxf1 {
[%emt 0:00:06]} 29. Bxf1 {[%emt 0:02:00]} Rf8 {[%emt 0:02:41]} 30. Ke1 {
[%emt 0:01:05]} Kc5 {[%emt 0:00:40]} 31. Bd3 {[%emt 0:03:20]} h6 {[%emt 0:00:
28]} 32. a3 {[%emt 0:01:38]} bxa3 {[%emt 0:09:18]} 33. bxa3 {[%emt 0:00:01]}
Kd4 {[%emt 0:00:26]} 34. Ke2 {[%emt 0:01:06]} Ra8 {[%emt 0:00:27]} 35. Kf3 {
[%emt 0:00:22]} Ke5 {[%emt 0:00:20]} 36. g4 {[%emt 0:01:20]} Rxa3 {[%emt 0:00:
57]} 37. h4 {[%emt 0:00:18]} Ra4 {[%emt 0:06:23]} 38. Kg3 {[%emt 0:00:15]} Kf6
{[%emt 0:01:22]} 39. Kf3 {[%emt 0:00:26]} Ke5 {[%emt 0:00:17]} 40. Kg3 {
[%emt 0:00:05]} Kf6 41. Kf3 1/2-1/2

[Event "Berliner Einzelmeisterschaft 2002"]
[Site "Berlin"]
[Date "2022.04.17"]
[Round "3.1"]
[White "Mirzoev, Emil"]
[Black "Niehaus, Frank"]
[Result "1-0"]
[WhiteElo "2467"]
[BlackElo "2074"]
[Annotator "TheRocket"]
[PlyCount "45"]
[EventDate "2022.??.??"]
[EventCountry "GER"]
[SourceTitle "SV Mattnetz Berlin e.V."]
[SourceDate "2022.04.23"]
[SourceVersion "1"]
[SourceVersionDate "2022.04.23"]
[SourceQuality "1"]

{[%evp 0,45,19,31,14,-11,-3,41,66,68,68,74,19,65,97,120,127,11,113,63,104,77,
96,97,85,88,141,143,123,137,123,60,120,76,85,70,77,86,92,1,115,83,83,93,111,
111,130,151]} 1. d4 {[%emt 0:18:14]} Nf6 {[%emt 0:00:24]} 2. c4 {[%emt 0:00:15]
} c5 {[%emt 0:00:47]} 3. d5 {[%emt 0:00:20]} b5 {[%emt 0:01:02]} 4. cxb5 {
[%emt 0:00:16]} a6 {[%emt 0:01:32]} 5. e3 {[%emt 0:00:18]} axb5 {[%emt 0:01:27]
} 6. Bxb5 {[%emt 0:00:26]} Qa5+ {[%emt 0:01:56]} 7. Nc3 {[%emt 0:03:55]} Bb7 {
[%emt 0:00:47]} 8. e4 {[%emt 0:04:41]} e6 {[%emt 0:03:13]} 9. Nge2 {[%emt 0:00:
42]} exd5 {[%emt 0:05:36]} 10. exd5 {[%emt 0:01:25]} Bd6 {[%emt 0:03:14]} 11.
O-O {[%emt 0:01:58]} O-O {[%emt 0:00:09]} 12. a4 {[%emt 0:00:59]} Qd8 {[%emt 0:
06:18]} 13. Ng3 {[%emt 0:06:59]} Be5 {[%emt 0:03:39]} 14. Nf5 {[%emt 0:01:07]}
d6 {[%emt 0:11:46]} 15. f4 {[%emt 0:13:10]} Bxc3 {[%emt 0:04:50]} 16. bxc3 {
[%emt 0:00:27]} Nxd5 {[%emt 0:05:36]} 17. Bb2 {[%emt 0:19:58]} Qf6 {[%emt 0:05:
19]} 18. Qd3 {[%emt 0:00:09]} Na6 {[%emt 0:07:41]} 19. Qh3 {[%emt 0:13:31]} Ne7
{[%emt 0:08:13]} 20. Nxe7+ {[%emt 0:04:01]} Qxe7 {[%emt 0:00:08]} 21. Rae1 {
[%emt 0:02:24]} Qf6 {[%emt 0:02:34]} 22. Qd7 {[%emt 0:02:30]} Rab8 {[%emt 0:02:
53]} 23. Qe7 {[%emt 0:01:35]} 1-0

[Event "Berliner Einzelmeisterschaft 2002"]
[Site "Berlin"]
[Date "2022.04.17"]
[Round "3.2"]
[White "Hesse, Henrik"]
[Black "Stern, Rene"]
[Result "0-1"]
[WhiteElo "2191"]
[BlackElo "2509"]
[Annotator "TheRocket"]
[PlyCount "154"]
[EventDate "2022.??.??"]
[EventCountry "GER"]
[SourceTitle "SV Mattnetz Berlin e.V."]
[SourceDate "2022.04.23"]
[SourceVersion "1"]
[SourceVersionDate "2022.04.23"]
[SourceQuality "1"]

{[%evp 0,40,30,-16,19,15,31,-21,-9,-45,-42,-18,-32,14,48,21,24,-27,35,45,88,41,
62,62,62,30,29,40,24,24,24,16,35,18,18,13,37,20,20,25,0,0,3]} 1. c4 {[%emt 0:
00:06]} c5 {[%emt 0:00:07]} 2. Nf3 {[%emt 0:00:13]} Nf6 {[%emt 0:00:12]} 3. d4
{[%emt 0:00:44]} cxd4 {[%emt 0:00:16]} 4. Nxd4 {[%emt 0:00:07]} e5 {[%emt 0:05:
54]} 5. Nb5 {[%emt 0:03:45]} d5 {[%emt 0:00:11]} 6. cxd5 {[%emt 0:03:49]} Bc5 {
[%emt 0:00:14]} 7. e3 {[%emt 0:04:18]} O-O {[%emt 0:01:49]} 8. Be2 {[%emt 0:02:
57]} a6 {[%emt 0:10:15]} 9. N5c3 {[%emt 0:02:51]} e4 {[%emt 0:00:23]} 10. O-O {
[%emt 0:04:49]} Nbd7 {[%emt 0:18:17]} 11. Nd2 {[%emt 0:17:19]} Qe7 {[%emt 0:00:
14]} 12. a3 {[%emt 0:06:20]} b5 {[%emt 0:07:20]} 13. d6 {[%emt 0:18:41]} Bxd6 {
[%emt 0:11:35]} 14. Ndxe4 {[%emt 0:00:39]} Nxe4 {[%emt 0:00:08]} 15. Nxe4 {
[%emt 0:00:04]} Bxh2+ {[%emt 0:01:41]} 16. Kxh2 {[%emt 0:00:12]} Qxe4 {[%emt 0:
00:05]} 17. Qd4 {[%emt 0:01:09]} Qxd4 {[%emt 0:04:47]} 18. exd4 {[%emt 0:00:06]
} Bb7 {[%emt 0:00:05]} 19. Be3 {[%emt 0:05:41]} Nb6 {[%emt 0:05:36]} 20. Rac1 {
[%emt 0:01:33]} Bd5 {[%emt 0:07:39]} 21. Rc5 {[%emt 0:04:30]} Rfd8 {[%emt 0:03:
02]} 22. Bf4 {[%emt 0:09:52]} Bc4 {[%emt 0:09:06]} 23. Bxc4 {[%emt 0:07:19]}
Nxc4 {[%emt 0:00:06]} 24. b3 {[%emt 0:00:39]} Na5 {[%emt 0:02:06]} 25. Bc7 {
[%emt 0:03:19]} Nxb3 {[%emt 0:00:05]} 26. Bxd8 {[%emt 0:00:31]} Nxc5 {[%emt 0:
00:05]} 27. Be7 {[%emt 0:00:43]} Nd3 {[%emt 0:07:58]} 28. d5 {[%emt 0:00:54]}
f6 {[%emt 0:00:12]} 29. d6 {[%emt 0:01:16]} Kf7 {[%emt 0:00:37]} 30. Rd1 {
[%emt 0:00:33]} Nxf2 {[%emt 0:01:01]} 31. Rc1 {[%emt 0:00:36]} Ng4+ {[%emt 0:
00:15]} 32. Kg3 {[%emt 0:00:16]} Ne5 {[%emt 0:00:46]} 33. Rc7 Ke6 {[%emt 0:00:
34]} 34. Kf4 {[%emt 0:00:25]} Ng6+ {[%emt 0:03:54]} 35. Ke4 {[%emt 0:00:05]}
f5+ {[%emt 0:00:29]} 36. Kd4 {[%emt 0:00:10]} Nxe7 {[%emt 0:00:16]} 37. Rxe7+ {
[%emt 0:00:31]} Kxd6 {[%emt 0:00:05]} 38. Rxg7 {[%emt 0:00:04]} Rc8 {[%emt 0:
00:07]} 39. Rxh7 {[%emt 0:01:51]} Rc4+ {[%emt 0:00:05]} 40. Ke3 {[%emt 0:00:03]
} Ra4 {[%emt 0:00:13]} 41. Rh8 {[%emt 0:00:35]} Ke5 {[%emt 0:03:00]} 42. Re8+ {
[%emt 0:00:13]} Kf6 {[%emt 0:00:07]} 43. Rf8+ {[%emt 0:00:32]} Ke6 {[%emt 0:08:
39]} 44. Re8+ {[%emt 0:00:16]} Kd7 {[%emt 0:03:24]} 45. Rf8 {[%emt 0:11:57]}
Rxa3+ {[%emt 0:02:22]} 46. Kd4 {[%emt 0:00:29]} Ke6 {[%emt 0:04:15]} 47. Rg8 {
[%emt 0:03:55]} Ra4+ {[%emt 0:01:15]} 48. Ke3 {[%emt 0:00:32]} f4+ {[%emt 0:00:
19]} 49. Kd3 {[%emt 0:01:17]} Kd5 {[%emt 0:00:27]} 50. Rg5+ {[%emt 0:00:30]}
Kc6 {[%emt 0:00:09]} 51. Rf5 {[%emt 0:00:35]} Rc4 {[%emt 0:01:11]} 52. Rf6+ {
[%emt 0:00:20]} Kb7 {[%emt 0:00:04]} 53. Rf7+ {[%emt 0:03:40]} Kb6 {[%emt 0:00:
05]} 54. Rf6+ {[%emt 0:00:04]} Ka5 {[%emt 0:00:04]} 55. Re6 {[%emt 0:00:11]}
Ra4 {[%emt 0:01:01]} 56. Kc3 {[%emt 0:00:14]} Ra3+ {[%emt 0:03:12]} 57. Kb2 {
[%emt 0:00:08]} Rg3 {[%emt 0:00:05]} 58. Re2 {[%emt 0:00:14]} b4 {[%emt 0:02:
10]} 59. Rf2 {[%emt 0:02:49]} Rg4 {[%emt 0:01:24]} 60. Kb3 {[%emt 0:00:45]} Kb5
{[%emt 0:00:06]} 61. Re2 {[%emt 0:00:30]} Rg3+ {[%emt 0:00:07]} 62. Kb2 {
[%emt 0:00:22]} Re3 {[%emt 0:01:17]} 63. Rf2 {[%emt 0:00:32]} Re4 {[%emt 0:00:
05]} 64. Rf3 {[%emt 0:02:01]} a5 {[%emt 0:00:28]} 65. g3 {[%emt 0:00:13]} fxg3
{[%emt 0:00:45]} 66. Rxg3 {[%emt 0:00:04]} a4 {[%emt 0:00:13]} 67. Rg8 {
[%emt 0:00:28]} a3+ {[%emt 0:02:53]} 68. Kb3 {[%emt 0:00:19]} Re3+ {[%emt 0:00:
05]} 69. Ka2 {[%emt 0:00:16]} Re2+ {[%emt 0:00:05]} 70. Ka1 {[%emt 0:00:10]} b3
{[%emt 0:02:05]} 71. Rb8+ {[%emt 0:00:43]} Kc4 {[%emt 0:00:10]} 72. Rc8+ {
[%emt 0:00:14]} Kd5 {[%emt 0:00:42]} 73. Rd8+ {[%emt 0:00:16]} Kc6 {[%emt 0:00:
05]} 74. Rd1 {[%emt 0:00:17]} Kc5 {[%emt 0:00:20]} 75. Rh1 {[%emt 0:00:40]} Kd4
{[%emt 0:00:38]} 76. Rd1+ {[%emt 0:01:39]} Ke3 {[%emt 0:00:55]} 77. Kb1 {
[%emt 0:00:38]} Kf2 {[%emt 0:00:12]} 0-1

[Event "Berliner Einzelmeisterschaft 2002"]
[Site "Berlin"]
[Date "2022.04.17"]
[Round "3.3"]
[White "Glek, Igor"]
[Black "Nogly, Christoph"]
[Result "0-1"]
[WhiteElo "2479"]
[BlackElo "2228"]
[Annotator "TheRocket"]
[PlyCount "96"]
[EventDate "2022.??.??"]
[EventCountry "GER"]
[SourceTitle "SV Mattnetz Berlin e.V."]
[SourceDate "2022.04.23"]
[SourceVersion "1"]
[SourceVersionDate "2022.04.23"]
[SourceQuality "1"]

{[%evp 0,78,30,33,17,31,24,30,28,-38,-29,-58,-26,-26,0,-9,4,-30,-22,-14,4,7,35,
23,35,13,5,-10,-7,-7,-7,-3,-6,-25,-10,-14,-15,-37,-20,-20,-13,-51,-49,-64,-127,
-144,-145,-183,-220,-229,-235,-235,-209,-239,-239,-317,-337,-337,-308,-337,
-316,-337,-317,-439,-348,-1228,-756,-1402,-273,-323,-269,-257,-251,-312,-325,
-325,-332,-353,-300,-326,-318]} 1. e4 {[%emt 0:17:58]} e5 {[%emt 0:04:14]} 2.
Nf3 {[%emt 0:02:08]} Nc6 {[%emt 0:00:06]} 3. Nc3 {[%emt 0:00:05]} Nf6 {[%emt 0:
00:07]} 4. g3 {[%emt 0:00:06]} Bc5 {[%emt 0:00:22]} 5. Bg2 {[%emt 0:00:06]} d6
{[%emt 0:00:10]} 6. d3 {[%emt 0:00:06]} Nd4 {[%emt 0:00:21]} 7. Na4 {[%emt 0:
01:19]} Bg4 {[%emt 0:00:58]} 8. h3 {[%emt 0:01:44]} Bxf3 {[%emt 0:01:01]} 9.
Bxf3 {[%emt 0:00:02]} Nxf3+ {[%emt 0:01:03]} 10. Qxf3 {[%emt 0:00:02]} Bb4+ {
[%emt 0:06:35]} 11. c3 {[%emt 0:00:34]} Qd7 {[%emt 0:00:50]} 12. Qd1 {[%emt 0:
02:24]} Ba5 {[%emt 0:00:59]} 13. b4 {[%emt 0:00:05]} Bb6 {[%emt 0:01:39]} 14.
Bg5 {[%emt 0:07:07]} Qe6 {[%emt 0:14:30]} 15. Qb3 {[%emt 0:05:51]} Ke7 {
[%emt 0:02:01]} 16. Qc2 {[%emt 0:05:00]} h6 {[%emt 0:01:47]} 17. Bxf6+ {
[%emt 0:06:51]} Kxf6 {[%emt 0:06:47]} 18. Nxb6 {[%emt 0:11:33]} axb6 {[%emt 0:
00:19]} 19. f4 {[%emt 0:00:02]} Ra3 {[%emt 0:23:43]} 20. Rh2 {[%emt 0:27:56]}
Rha8 {[%emt 0:02:22]} 21. c4 {[%emt 0:02:46]} exf4 {[%emt 0:08:02]} 22. gxf4 {
[%emt 0:00:09]} Ke7 {[%emt 0:00:15]} 23. Qe2 {[%emt 0:05:15]} Qf6 {[%emt 0:09:
01]} 24. e5 {[%emt 0:00:01]} Qxf4 {[%emt 0:01:39]} 25. exd6+ {[%emt 0:00:04]}
Kxd6 {[%emt 0:00:26]} 26. Rf2 {[%emt 0:02:26]} Qd4 {[%emt 0:00:21]} 27. c5+ {
[%emt 0:00:51]} bxc5 {[%emt 0:02:50]} 28. bxc5+ {[%emt 0:00:07]} Qxc5 {[%emt 0:
00:08]} 29. Rxf7 {[%emt 0:00:56]} Qg1+ {[%emt 0:01:16]} 30. Rf1 {[%emt 0:00:02]
} Qg3+ {[%emt 0:00:12]} 31. Rf2 {[%emt 0:00:04]} Rf8 {[%emt 0:01:22]} 32. Rd1 {
[%emt 0:01:24]} Qg1+ {[%emt 0:00:50]} 33. Rf1 {[%emt 0:00:12]} Rxf1+ {[%emt 0:
00:07]} 34. Qxf1 {[%emt 0:00:02]} Qxf1+ {[%emt 0:00:09]} 35. Kxf1 {[%emt 0:00:
04]} Rxa2 {[%emt 0:00:05]} 36. Re1 {[%emt 0:00:13]} b5 {[%emt 0:03:22]} 37. Re4
{[%emt 0:00:19]} c5 {[%emt 0:00:32]} 38. Ke1 {[%emt 0:00:07]} Rh2 {[%emt 0:01:
26]} 39. h4 {[%emt 0:00:05]} b4 {[%emt 0:00:24]} 40. Kd1 {[%emt 0:00:07]} Rg2 {
[%emt 0:00:51]} 41. Kc1 {[%emt 0:00:26]} Kd5 {[%emt 0:01:07]} 42. h5 {[%emt 0:
00:33]} Rh2 {[%emt 0:02:04]} 43. Rg4 {[%emt 0:00:14]} Rxh5 {[%emt 0:00:07]} 44.
Rxg7 {[%emt 0:00:02]} Kd4 {[%emt 0:00:29]} 45. Kc2 {[%emt 0:00:05]} Rh2+ {
[%emt 0:00:34]} 46. Kb3 {[%emt 0:00:06]} Kxd3 {[%emt 0:00:19]} 47. Rd7+ {
[%emt 0:00:08]} Ke4 {[%emt 0:00:16]} 48. Rc7 {[%emt 0:00:07]} Kd5 0-1

[Event "Berliner Einzelmeisterschaft 2002"]
[Site "Berlin"]
[Date "2022.04.17"]
[Round "3.4"]
[White "Rietze, Clemens"]
[Black "Florstedt, Johannes"]
[Result "0-1"]
[WhiteElo "2290"]
[BlackElo "2316"]
[Annotator "TheRocket"]
[PlyCount "102"]
[EventDate "2022.??.??"]
[EventCountry "GER"]
[SourceTitle "SV Mattnetz Berlin e.V."]
[SourceDate "2022.04.23"]
[SourceVersion "1"]
[SourceVersionDate "2022.04.23"]
[SourceQuality "1"]

{[%evp 0,62,36,14,14,-22,53,4,29,21,44,45,45,42,10,17,17,1,17,28,51,-5,-2,-20,
25,-11,10,-13,-13,-45,-88,-111,-111,-111,-104,-111,-93,-105,-82,-105,-73,-174,
-116,-152,-144,-102,-95,-106,-106,-122,-117,-117,-90,-109,-56,-100,-92,-87,-82,
-94,-82,-94,-98,-148,-116]} 1. d4 {[%emt 0:00:02]} Nf6 {[%emt 0:00:08]} 2. c4 {
[%emt 0:00:07]} g6 {[%emt 0:00:08]} 3. f3 {[%emt 0:00:06]} d5 {[%emt 0:00:24]}
4. cxd5 {[%emt 0:00:10]} Nxd5 {[%emt 0:00:07]} 5. e4 {[%emt 0:00:05]} Nb6 {
[%emt 0:00:09]} 6. Nc3 {[%emt 0:00:07]} Bg7 {[%emt 0:00:16]} 7. Be3 {[%emt 0:
00:08]} O-O {[%emt 0:00:49]} 8. Qd2 {[%emt 0:00:08]} e5 {[%emt 0:04:04]} 9. d5
{[%emt 0:00:24]} c6 {[%emt 0:00:11]} 10. O-O-O {[%emt 0:00:28]} cxd5 {[%emt 0:
00:15]} 11. exd5 {[%emt 0:00:06]} N8d7 {[%emt 0:00:09]} 12. h4 {[%emt 0:00:13]}
Nf6 {[%emt 0:00:14]} 13. h5 {[%emt 0:00:09]} Nxh5 {[%emt 0:02:34]} 14. Bg5 {
[%emt 0:40:04]} f6 {[%emt 0:11:00]} 15. Bh4 {[%emt 0:01:18]} Bd7 {[%emt 0:04:
51]} 16. Kb1 {[%emt 0:19:02]} Rc8 {[%emt 0:01:02]} 17. Nh3 {[%emt 0:03:55]} Nc4
{[%emt 0:04:01]} 18. Bxc4 {[%emt 0:02:48]} Rxc4 {[%emt 0:00:27]} 19. g4 {
[%emt 0:06:08]} Nf4 {[%emt 0:00:25]} 20. Nf2 {[%emt 0:05:03]} b5 {[%emt 0:18:
56]} 21. Nfe4 {[%emt 0:02:44]} b4 {[%emt 0:12:53]} 22. Ne2 {[%emt 0:01:29]}
Bxg4 {[%emt 0:03:24]} 23. Bxf6 {[%emt 0:06:54]} Bxf6 {[%emt 0:06:38]} 24. Nxf6+
{[%emt 0:00:07]} Qxf6 {[%emt 0:01:08]} 25. fxg4 {[%emt 0:00:03]} Rd8 {[%emt 0:
09:43]} 26. Qe3 {[%emt 0:05:00]} Nxe2 {[%emt 0:01:46]} 27. Qxe2 {[%emt 0:00:04]
} Rd4 {[%emt 0:00:54]} 28. Rxd4 {[%emt 0:02:58]} exd4 {[%emt 0:00:04]} 29. Qe4
{[%emt 0:00:20]} Qf7 {[%emt 0:00:26]} 30. Qxd4 {[%emt 0:00:22]} Qxd5 {[%emt 0:
00:08]} 31. Qg1 {[%emt 0:00:25]} b3 {[%emt 0:10:20]} 32. Qe1 {[%emt 0:00:19]}
Qd3+ {[%emt 0:02:17]} 33. Ka1 {[%emt 0:00:02]} Qa6 {[%emt 0:00:11]} 34. a3 {
[%emt 0:00:24]} Qd6 {[%emt 0:00:49]} 35. Qc1 {[%emt 0:01:32]} Qd3 {[%emt 0:02:
04]} 36. Qe1 {[%emt 0:00:28]} Qd5 {[%emt 0:01:43]} 37. Rg1 {[%emt 0:01:19]} h6
{[%emt 0:00:32]} 38. Qe2 {[%emt 0:00:42]} Rd7 {[%emt 0:01:03]} 39. Rc1 {
[%emt 0:00:53]} Qd2 {[%emt 0:01:50]} 40. Qf1 {[%emt 0:02:26]} Kh7 {[%emt 0:01:
12]} 41. Qh1 {[%emt 0:01:35]} a5 {[%emt 0:01:44]} 42. Re1 {[%emt 0:03:00]} a4 {
[%emt 0:00:35]} 43. Rc1 {[%emt 0:05:26]} Qf4 {[%emt 0:03:14]} 44. Rg1 {[%emt 0:
05:46]} Qd4 {[%emt 0:00:30]} 45. Kb1 {[%emt 0:00:20]} Re7 {[%emt 0:02:39]} 46.
Re1 {[%emt 0:02:27]} Rf7 {[%emt 0:00:06]} 47. Qg2 {[%emt 0:02:24]} Kg7 {
[%emt 0:00:43]} 48. Qe2 {[%emt 0:00:40]} Rd7 {[%emt 0:01:24]} 49. Ka1 {[%emt 0:
01:00]} Qd3 {[%emt 0:00:30]} 50. Qe5+ {[%emt 0:00:13]} Kh7 {[%emt 0:00:05]} 51.
Rc1 {[%emt 0:00:11]} Qc4 {[%emt 0:02:05]} 0-1

[Event "Berliner Einzelmeisterschaft 2002"]
[Site "Berlin"]
[Date "2022.04.17"]
[Round "3.5"]
[White "Lagunow, Raphael"]
[Black "Roehr, Oliver"]
[Result "1-0"]
[WhiteElo "2389"]
[BlackElo "2030"]
[Annotator "TheRocket"]
[PlyCount "49"]
[EventDate "2022.??.??"]
[EventCountry "GER"]
[SourceTitle "SV Mattnetz Berlin e.V."]
[SourceDate "2022.04.23"]
[SourceVersion "1"]
[SourceVersionDate "2022.04.23"]
[SourceQuality "1"]

{[%evp 0,49,34,14,63,70,74,49,96,72,72,62,54,21,28,13,40,31,41,28,69,69,56,56,
53,53,87,57,12,33,37,29,147,153,158,154,260,266,261,274,264,174,174,187,202,
203,257,267,270,266,271,262]} 1. Nf3 {[%emt 0:03:15]} f5 {[%emt 0:00:06]} 2. d4
{[%emt 0:03:47]} Nf6 {[%emt 0:00:02]} 3. g3 {[%emt 0:00:09]} g6 {[%emt 0:00:02]
} 4. Bg2 {[%emt 0:00:06]} Bg7 {[%emt 0:00:02]} 5. O-O {[%emt 0:01:06]} O-O {
[%emt 0:00:02]} 6. b3 {[%emt 0:04:40]} d6 {[%emt 0:01:12]} 7. Bb2 {[%emt 0:00:
17]} Nc6 {[%emt 0:03:18]} 8. d5 {[%emt 0:08:36]} Nb4 {[%emt 0:01:42]} 9. c4 {
[%emt 0:00:22]} e5 {[%emt 0:02:50]} 10. dxe6 {[%emt 0:00:41]} Nc6 {[%emt 0:03:
36]} 11. Nd4 {[%emt 0:24:12]} Nxd4 {[%emt 0:00:13]} 12. Qxd4 {[%emt 0:00:08]}
Qe7 {[%emt 0:03:11]} 13. Nc3 {[%emt 0:01:22]} Bxe6 {[%emt 0:03:41]} 14. Bxb7 {
[%emt 0:09:54]} c5 {[%emt 0:14:16]} 15. Qe3 {[%emt 0:00:05]} Qxb7 {[%emt 0:00:
29]} 16. Qxe6+ {[%emt 0:00:07]} Kh8 {[%emt 0:00:40]} 17. Qxd6 {[%emt 0:03:38]}
Ne4 {[%emt 0:04:41]} 18. Nxe4 {[%emt 0:03:46]} Bxb2 {[%emt 0:00:11]} 19. Nxc5 {
[%emt 0:01:36]} Qb6 {[%emt 0:00:37]} 20. Qxb6 {[%emt 0:00:54]} axb6 {[%emt 0:
00:02]} 21. Rab1 {[%emt 0:01:41]} Rxa2 {[%emt 0:00:13]} 22. Nd7 {[%emt 0:01:02]
} Rd8 {[%emt 0:01:40]} 23. Rfd1 {[%emt 0:00:59]} Ba3 {[%emt 0:03:24]} 24. e3 {
[%emt 0:01:13]} Kg7 {[%emt 0:12:10]} 25. Rd5 1-0